兵庫県内の始発列車がある駅 - Statistics

General Stats
  • This quiz has been taken 255 times
    190 since last reset
  • The average score is 65 of 90
Answer Stats
Hint Answer % Correct
東海道本線 神戸
98%
山陽本線 姫路
97%
東海道本線 尼崎
96%
阪神本線 尼崎
96%
山陽本線 西明石
95%
山陽本線 加古川
93%
赤穂線 播州赤穂
93%
山陽本線 網干
91%
福知山線 宝塚
91%
阪急今津線 宝塚
91%
山陽本線 相生
90%
山陽本線 須磨
89%
山陽本線 上郡
89%
阪神本線 甲子園
88%
阪神本線 西宮
88%
福知山線 新三田
86%
山陰本線 豊岡
86%
和田岬線 和田岬
86%
阪急伊丹線 伊丹
86%
山陽電鉄本線 山陽姫路
86%
阪急神戸高速線 高速神戸
85%
ポートライナー 三宮
85%
阪急神戸線 神戸三宮
84%
阪神本線 神戸三宮
84%
山陰本線 城崎温泉
83%
阪急今津線 今津
83%
阪急神戸高速線 新開地
83%
福知山線 篠山口
82%
阪急神戸線 西宮北口
82%
阪神武庫川線 武庫川
82%
神鉄三田線 三田
82%
東海道本線 甲子園口
81%
阪急宝塚線 川西能勢口
81%
山陽網干線 山陽網干
81%
地下鉄西神・山手線 新神戸
81%
加古川線 粟生
80%
神鉄有馬線 有馬温泉
80%
播但線 和田山
78%
能勢電鉄日生線 日生中央
78%
ポートライナー 神戸空港
78%
加古川線 西脇市
76%
阪急伊丹線 塚口
75%
阪急宝塚線 雲雀丘花屋敷
75%
阪神本線 御影
75%
六甲ライナー 住吉
75%
加古川線 谷川
74%
阪急甲陽線 甲陽園
74%
阪神本線 元町
74%
地下鉄海岸線 新長田
74%
山陽本線 大久保
73%
阪急甲陽線 夙川
73%
地下鉄海岸線 三宮・花時計前
72%
山陰本線 香住
71%
山陰本線 浜坂
71%
姫新線 播磨新宮
71%
地下鉄北神線 谷上
71%
地下鉄西神・山手線 西神中央
71%
播但線 寺前
70%
山陽電鉄本線 飾磨
70%
阪神武庫川線 武庫川団地前
69%
神鉄有馬線 鈴蘭台
69%
姫新線 佐用
67%
山陽電鉄本線 須磨浦公園
67%
播但線 福崎
66%
神鉄有馬線 有馬口
66%
神鉄公園都市線 ウッディタウン中央
66%
能勢電鉄妙見線 山下
64%
姫新線 上月
63%
加古川線 厄神
62%
山陽電鉄本線 山陽須磨
62%
北条鉄道 北条町
61%
神鉄粟生線 三木
60%
山陽電鉄本線 東二見
59%
山陽電鉄本線 高砂
57%
姫新線 余部
56%
阪神本線 青木
56%
地下鉄西神・山手線 名谷
56%
阪神本線 石屋川
54%
神鉄粟生線 西鈴蘭台
54%
神鉄粟生線 小野
54%
山陽電鉄本線 東須磨
53%
ポートライナー 中埠頭
45%
神鉄三田線 岡場
44%
神鉄粟生線 志染
41%
地下鉄海岸線 御崎公園
41%
能勢電鉄妙見線 平野
40%
神鉄三田線 道場南口
39%
神鉄粟生線 押部谷
35%
六甲ライナー マリンパーク
35%
ポートライナー 計算科学センター
34%
No matching quizzes found
Score Distribution
Percent of People with Each Score
Percentile by Number Answered
Your Score History
You have not taken this quiz since the last reset